Statistics for Barcelona Squad 2022/23

Click here to take the quiz!

General Stats

  • This quiz has been taken 148 times
  • The average score is 20 of 26

Answer Stats

HintAnswer% Correct
1Marc-Andre ter Stegen
99%
30Gavi
94%
8Pedri
94%
9Robert Lewandowski
94%
7Ousmane Dembele
91%
5Sergio Busquets
91%
11Ferran Torres
87%
18Jordi Alba
87%
4Ronald Araujo
87%
10Ansu Fati
85%
3Gerard Pique
85%
23Jules Kounde
82%
21Frenkie de Jong
79%
28Alex Balde
78%
15Andreas Christensen
75%
22Raphinha
75%
20Sergi Roberto
74%
19Franck Kessie
72%
32Pablo Torres
72%
14Memphis Depay
69%
24Eric Garcia
66%
26Inaki Pena
65%
17Marcos Alonso
65%
2Hector Bellerin
60%
36Arnau Tenas
41%
16Miralem Pjanic
28%

Score Distribution

Percentile by Number Answered

Percent of People with Each Score

Your Score History

You have not taken this quiz